| 000 | 01795nam a22003857a 4500 | ||
|---|---|---|---|
| 003 | EG-ScBUE | ||
| 005 | 20211212112552.0 | ||
| 008 | 100808s2005 ua f b 000 0cara d | ||
| 017 | _a2004 / 21861 | ||
| 040 |
_aEG-ScBUE _bara _erda _cEG-ScBUE _dEG-ScBUE |
||
| 041 | 1 |
_aara _hger |
|
| 082 | 0 | 4 |
_a830.9 _bهـ ت م _222 |
| 100 | 1 |
_917259 _aهتمان، فريدريك، _d1934-2006، _eمؤلف. |
|
| 240 | 1 | 0 |
_aDichter leben. _lArabic |
| 245 | 1 | 0 |
_a أدباء أحياء : _bتاريخ للأدب الألماني في قصص من شنتسلر إلى جراس / _cتأليف فريدريك هتمان، إنجريد روبيلين، هارالد توندرن ؛ ترجمة رندة النشار، ضياء الدين زاهر ؛ مراجعة علا عادل. |
| 264 | 1 |
_aالقاهرة : _bالمجلس الأعلى للثقافة، _c2005. |
|
| 300 |
_a272 صفحة ؛ _c24 سم. |
||
| 336 |
_2rdacontent _aنص _btxt |
||
| 337 |
_2rdamedia _aبدون وسيط _bn |
||
| 338 |
_2rdacarrier _aمجلد _bnc |
||
| 490 | _aالمشروع القومي للترجمة | ||
| 504 | _aيشتمل على إرجاعات ببليوجرافية. | ||
| 546 | _aالنص باللغة العربية وتم ترجمته من اللغة الألمانية. | ||
| 650 | 7 |
_aالأدب الألماني _xتاريخ ونقد. _2BUEsh |
|
| 650 | 7 |
_aالأدباء الألمان. _vتراجم. _2BUEsh |
|
| 651 | _2BUEsh | ||
| 653 |
_bGGEN _cDecember2021 |
||
| 655 |
_vReading book _934232 |
||
| 700 | 1 |
_aروبيلين، إنجريد، _eمؤلف. |
|
| 700 | 1 |
_aتوندرن، هارالد، _eمؤلف. |
|
| 700 | 1 |
_aالنشار، رندة، _eمترجم. |
|
| 700 | 1 |
_aزاهر، ضياء الدين، _eمترجم. |
|
| 700 | 1 |
_aعادل، علا، _eمراجع. _941143 |
|
| 942 |
_2ddc _cBB |
||
| 999 |
_c14640 _d14640 |
||